Studies in Iconography
محفوظ في:
التنسيق: دورية
اللغة: Undetermined
منشور في:
JSTOR
Board of Trustees of Western Michigan University through its Medieval Institute Publications
الموضوعات:
الوصول للمادة أونلاين: Login to view Source
الوسوم: إضافة وسم
لا توجد وسوم, كن أول من يضع وسما على هذه التسجيلة!
رقم الطلب:
| LEADER | 00535nas a2200157Ia 4500 | ||
|---|---|---|---|
| 008 | 220214c99999999xx |||||||||||| ||und|| | ||
| 022 | |a 0148-1029 | ||
| 245 | 0 | 0 | |a Studies in Iconography |
| 264 | 1 | |b JSTOR | |
| 264 | 1 | |b Board of Trustees of Western Michigan University through its Medieval Institute Publications | |
| 362 | 0 | |a Vol. 15(1993)-38 (2017) | |
| 653 | 1 | 0 | |a Arts |
| 856 | 4 | 0 | |u https://www.jstor.org/journal/studicon |
| 942 | |c JL | ||
| 952 | |0 0 |1 0 |4 0 |7 1 |9 37365 |a JSR |b JSR |d 2022-02-14 |l 0 |r 2022-02-14 00:00:00 |w 2022-02-14 |y JL | ||
| 999 | |c 45696 |d 45696 | ||
